Music Quiz

Random Music or Kpop Quiz

Kpop quizzes Stats

 Plays Quiz not verified by Sporcle

Support Sporcle.
Go Orange.
Score 0/20 Timer 07:00
0 Plays Today
questions answer % Correct
Which 2pm member that acting in Dream High?Taecyeon
70.1%
Which person in Super Junior has nickname Cinderella?Heechul
68.9%
Who is the first person sing in Bonamana?Siwon
62%
G.Na is under which company?CUBE
59%
In what year that Jonghyun Shinee was born?1990
58.7%
Inkigayo is from which tv station?SBS
54.9%
After School's MaknaeLizzy
50.4%
Who is the girl that TOP kissed during MKMF 2008?Lee Hyori
48.6%
Who is the girl that appears in TRAX mv, Oh my Goddess?Seohyun
33.6%
What is the name of 2ne1's song that using halloween concept for the mv?It hurts
27.8%
questions answer % Correct
What is Lee Min Young stage's name? (from girl group)Min
22.4%
What is Se7en's girlfriend name?Park Han Byul
18.5%
This is f(x) song : Milkshake, milkshake sasilna, __ ___, __ ___, vanilla __ ___ Milkshake, milkshake sasilnaIce cream
17.7%
What is Nichkhun full names?Nichkhun Horvejkul
16.4%
Where is Alexander's (Ukiss) birthplace?Macao
5.6%
F.Cuz song, Wanna be your love is also known as Friend's Graduation
4.6%
Name all the members from SM the BalladKyuhyun, Jay, Jonghyun, Jino
4%
Who sing Falling in Love with Friend?Beige, Ryeowook
3.4%
Dongwoon BEAST had accepted in which university?Konkuk University
3.1%
What song that Jokwon sang during KBS Gayo Daejun? (give the song and singer name)Baby (Justin Bieber)
2.2%

You're not logged in!

Compare scores with friends on all Sporcle quizzes.
OR
Log In

From the Vault

Click an HBO Show (2010s)

by qlh27

Now go figure out how much it would cost to watch these with all the subscriptions.
Remove Ads.
Support Sporcle.
Get the best of Sporcle when you Go Orange. This ad-free experience offers more features, more stats, and more fun while also helping to support Sporcle. Thank you for becoming a member.

Show Comments

Extras

Created Feb 19, 2011ReportNominate
Tags:Kpop Quiz

Top Quizzes Today


Score Distribution

Your Account Isn't Verified!

In order to create a playlist on Sporcle, you need to verify the email address you used during registration. Go to your Sporcle Settings to finish the process.

Report this User

Report this user for behavior that violates our Community Guidelines.

Details: